| Tag |
First Indicator |
Second Indicator |
Subfields |
| LEADER |
00000pam a2200000 a 4500 |
| 001 |
in00000083304 |
| 005 |
20151008061222.0 |
| 008 |
810827s1981 nyu b 00110 eng |
| 010 |
|
|
|a 81014290
|
| 020 |
|
|
|a 0823623688 :
|c $26.50
|
| 035 |
|
|
|a (OCoLC)07795593
|
| 035 |
|
|
|9 AAJ7575AM
|
| 039 |
0 |
|
|a 2
|b 3
|c 3
|d 3
|e 3
|
| 040 |
|
|
|a DLC
|c DLC
|d TXA
|d UtOrBLW
|
| 049 |
|
|
|a TXAM
|c [388182]
|
| 050 |
0 |
0 |
|a BF720.S48
|b R64
|
| 060 |
|
0 |
|a WS 105.5.S4 R741i
|
| 082 |
0 |
|
|a 155.4/22
|2 19
|
| 100 |
1 |
|
|a Roiphe, Herman,
|d 1924-2005.
|
| 245 |
1 |
0 |
|a Infantile origins of sexual identity /
|c Herman Roiphe and Eleanor Galenson.
|
| 264 |
|
1 |
|a [New York] :
|b International Universities Press,
|c [1981]
|
| 264 |
|
4 |
|c ©1981
|
| 300 |
|
|
|a xv, 301 pages ;
|c 22 cm.
|
| 336 |
|
|
|a text
|b txt
|2 rdacontent
|
| 337 |
|
|
|a unmediated
|b n
|2 rdamedia
|
| 338 |
|
|
|a volume
|b nc
|2 rdacarrier
|
| 500 |
|
|
|a Bibliography: pages 287-293.
|
| 500 |
|
|
|a Includes index.
|
| 650 |
|
0 |
|a Infant psychology.
|
| 650 |
|
0 |
|a Identity (Psychology)
|
| 650 |
|
0 |
|a Sex (Psychology)
|
| 650 |
|
0 |
|a Parent and child.
|
| 650 |
|
0 |
|a Psychoanalysis.
|
| 650 |
|
2 |
|a Identification (Psychology)
|x In infancy and childhood.
|
| 650 |
|
2 |
|a Sexual Behavior
|x In infancy and childhood.
|
| 700 |
1 |
|
|a Galenson, Eleanor,
|d 1916-2011.
|
| 999 |
|
|
|a MARS
|
| 999 |
f |
f |
|s 1b762c89-744f-30c2-99ad-2a36610438b6
|i 59f03530-60fa-3c87-beec-5a09e2239e18
|t 0
|
| 952 |
f |
f |
|p ric
|a Texas A&M University
|b Rellis Campus
|c Joint Library Facility
|d Remote Storage
|t 0
|e BF720.S48 R64
|h Library of Congress classification
|i unmediated -- volume
|m A14806088150
|
| 998 |
f |
f |
|a BF720.S48 R64
|t 0
|l Remote Storage
|